Personaggi di Mario Kart 8 Deluxe - Statistics

Statistiche generali
  • Questo quiz è stato fatto 30 volte
  • Il punteggio medio è 28 su 48
Statistiche sulle risposte
Personaggio % Corretto
Baby Luigi
100%
Baby Mario
100%
Baby Peach
100%
Luigi
100%
Mario
100%
Peach
100%
Baby Daisy
96%
Daisy
96%
Bowser
93%
Waluigi
93%
Wario
93%
Baby Rosalinda
89%
Rosalinda
89%
Toad
85%
Yoshi
81%
Donkey Kong
78%
Koopa
74%
Diddy Kong
70%
Toadette
70%
Link
63%
Tipo timido
59%
Bowser Junior
48%
Mario Metallo
48%
Mario tanuki
48%
Re Boo
48%
Tartosso
48%
Abitante
44%
Morton
44%
Funky Kong
41%
Lakitu
41%
Larry
41%
Mii
41%
Strutzi
41%
Inkling
37%
Peach gatto
37%
Roy
37%
Fuffi
33%
Iggy
33%
Lemmy
33%
Pauline
33%
Peach oro rosa
33%
Skelobowser
33%
Kamek
30%
Pipino Piranha
30%
Wendy
30%
Peachette
26%
Torcibruco
19%
Ludwing
11%
Nessun quiz corrispondente trovato
Distribuzione punteggi
Percentuale di utenti per punteggio
Percentile per numero di risposta
I tuoi punteggi nel tempo
Non hai fatto questo quiz